[Event "I Festival Barclays A"]
[Site "Roma ITA"]
[Date "2011.09.04"]
[Round "1"]
[White "Fayard, Alain"]
[Black "Bosiocic, Marin"]
[Result "0-1"]
[WhiteElo "2234"]
[BlackElo "2593"]
[PlyCount "96"]
[EventDate "2011.09.04"]

1. d4 Nf6 2. c4 g6 3. Nc3 d5 4. e3 Bg7 5. cxd5 Nxd5 6. Nxd5 Qxd5 7. Ne2 O-O 8.
Nc3 Qd6 9. Be2 c6 10. O-O Nd7 11. Ne4 Qc7 12. f4 Rd8 13. Qb3 Nf6 14. Ng5 e6 15.
Bd2 b6 16. Rac1 Bb7 17. Bf3 Rac8 18. Rc2 h6 19. Ne4 Nxe4 20. Bxe4 c5 21. Bxb7
Qxb7 22. dxc5 Qe4 23. Bc1 Bf8 24. Qc4 Qxc4 25. Rxc4 Bxc5 26. Rc3 b5 27. b3 Bb6
28. Rxc8 Rxc8 29. Kf2 Rc2+ 30. Kf3 Rxa2 31. b4 f5 32. Rd1 Kf7 33. Rd3 g5 34.
Rd2 Rxd2 35. Bxd2 g4+ 36. Ke2 e5 37. h3 gxh3 38. gxh3 e4 39. Kd1 Ke6 40. Kc2
Kd5 41. Kb3 a6 42. Bc1 Ke6 43. h4 h5 44. Bd2 Kd5 45. Kc3 a5 46. Kb3 a4+ 47. Kc3
Bd8 48. Be1 Bf6+ 0-1

[Event "I Festival Barclays A"]
[Site "Roma ITA"]
[Date "2011.09.04"]
[Round "1"]
[White "Jones, Gawain C.B."]
[Black "Rozic, Vesna"]
[Result "1-0"]
[WhiteElo "2624"]
[BlackElo "2278"]
[PlyCount "135"]
[EventDate "2011.09.04"]

1. e4 e6 2. d4 d5 3. Nd2 c5 4. Ngf3 Nc6 5. exd5 exd5 6. Bb5 Bd6 7. O-O Nge7 8.
dxc5 Bxc5 9. Nb3 Bd6 10. Bg5 O-O 11. Re1 Qc7 12. h3 f6 13. Be3 Ne5 14. Bd3 Bd7
15. Nxe5 fxe5 16. c4 d4 17. Bg5 Ng6 18. c5 Bxc5 19. Nxc5 Qxc5 20. Qb3+ Kh8 21.
Bxg6 hxg6 22. Re4 Rf4 23. Bxf4 exf4 24. Qxb7 Bc6 25. Qe7 Qd5 26. f3 Rd8 27. Re5
Qd6 28. Qh4+ Kg8 29. Re6 Qd5 30. Rxg6 Be8 31. Rg4 d3 32. Rxf4 d2 33. Rd1 Bg6
34. Rg4 Bc2 35. Qe7 g6 36. Kf2 Rd7 37. Qe8+ Kg7 38. Rf4 Qc5+ 39. Kg3 Qg5+ 40.
Rg4 Qd5 41. Rxd2 Qxd2 42. Qe5+ Kg8 43. Rh4 Qd6 44. Rh8+ Kf7 45. Rh7+ Kg8 46.
Qxd6 Rxd6 47. Rxa7 Rd4 48. a3 Bb3 49. Rb7 Bd1 50. b4 Rd2 51. Ra7 Rb2 52. h4 Bb3
53. a4 Bc4 54. Rb7 Bf1 55. a5 Rxg2+ 56. Kf4 Ra2 57. Kg5 Bd3 58. Ra7 Bf5 59. Rc7
Bd3 60. Rc3 Rd2 61. Kf6 Kh7 62. Rc7+ Kh6 63. Rd7 Rd1 64. Rd8 Kh7 65. b5 Be2 66.
Rxd1 Bxd1 67. b6 Bxf3 68. a6 1-0

[Event "I Festival Barclays A"]
[Site "Roma ITA"]
[Date "2011.09.04"]
[Round "1"]
[White "Nikolova, Adriana"]
[Black "Khenkin, Igor"]
[Result "0-1"]
[WhiteElo "2268"]
[BlackElo "2624"]
[PlyCount "84"]
[EventDate "2011.09.04"]

1. e4 c6 2. d4 d5 3. exd5 cxd5 4. Nf3 Nc6 5. c3 g6 6. Bf4 Bg7 7. Bd3 Nh6 8. O-O
Bf5 9. Be2 O-O 10. Ne5 f6 11. Nxc6 bxc6 12. Nd2 e5 13. Be3 a5 14. f4 Rb8 15. g4
Bc8 16. Rb1 Re8 17. h3 Qe7 18. Bd3 exd4 19. Bxd4 f5 20. Bxg7 Kxg7 21. g5 Qe3+
22. Rf2 Qg3+ 23. Rg2 Qxd3 24. gxh6+ Kxh6 25. Qf1 Qxf1+ 26. Nxf1 Ba6 27. Rf2 a4
28. Rd1 Bxf1 29. Kxf1 a3 30. bxa3 Re4 31. Rd4 Ra8 32. Rc2 Rxa3 33. Kg2 Kh5 34.
Rb4 Rxc3 35. Rxc3 Rxb4 36. Kg3 Rb6 37. Ra3 c5 38. Ra7 h6 39. a4 Rb4 40. a5 c4
41. a6 c3 42. Rc7 Rc4 0-1

[Event "I Festival Barclays A"]
[Site "Roma ITA"]
[Date "2011.09.04"]
[Round "1"]
[White "Solodovnichenko, Yuri"]
[Black "Lederman, Leon"]
[Result "1/2-1/2"]
[WhiteElo "2622"]
[BlackElo "2266"]
[PlyCount "155"]
[EventDate "2011.09.04"]

1. e4 c5 2. Nf3 d6 3. d4 cxd4 4. Nxd4 Nf6 5. Nc3 a6 6. Bg5 e6 7. f4 Qb6 8. Qd3
Nbd7 9. O-O-O Be7 10. Be2 Qc7 11. Qg3 h6 12. Bh4 O-O 13. Bf3 Nb6 14. Rhe1 Nc4
15. Rd3 Nh7 16. Bxe7 Qxe7 17. b3 Na5 18. Red1 Rd8 19. Qe1 Bd7 20. Na4 Bxa4 21.
Qxa5 Be8 22. g3 Rac8 23. Kb1 Qc7 24. Qxc7 Rxc7 25. Ne2 Rcd7 26. c4 Kf8 27. Nc3
Ke7 28. Na4 Rc7 29. e5 d5 30. cxd5 exd5 31. Nb6 Bc6 32. Nxd5+ Bxd5 33. Rxd5
Rxd5 34. Rxd5 Nf8 35. Rd6 Nd7 36. Rd2 f6 37. exf6+ Nxf6 38. Kb2 b6 39. b4 a5
40. bxa5 bxa5 41. Kb3 g5 42. Rd4 Rc5 43. a3 Rb5+ 44. Kc3 Rc5+ 45. Rc4 Rf5 46.
Rc7+ Kd6 47. Rc6+ Ke7 48. Rc4 Kd6 49. Kd3 Rb5 50. Rc6+ Ke7 51. h3 gxf4 52. gxf4
Rf5 53. Ke3 Rb5 54. Bd1 Rb1 55. Bc2 Ra1 56. a4 Nd5+ 57. Kd4 Nb4 58. Rc3 Nxc2+
59. Rxc2 Rxa4+ 60. Ke5 Rb4 61. Rc5 Rb3 62. Rxa5 Rxh3 63. Ra7+ Ke8 64. Kf6 h5
65. f5 h4 66. Ra8+ Kd7 67. Rh8 Rh1 68. Kf7 h3 69. f6 h2 70. Rh3 Kc6 71. Rc3+
Kd5 72. Rc2 Kd4 73. Ra2 Kd5 74. Rb2 Kd4 75. Rg2 Ke3 76. Ra2 Kf3 77. Kf8 Kg3 78.
f7 1/2-1/2

[Event "I Festival Barclays A"]
[Site "Roma ITA"]
[Date "2011.09.05"]
[Round "2"]
[White "Bosiocic, Marin"]
[Black "Tania, Sachdev"]
[Result "0-1"]
[WhiteElo "2593"]
[BlackElo "2419"]
[PlyCount "140"]
[EventDate "2011.09.04"]

1. Nf3 Nf6 2. c4 e6 3. g3 d5 4. Bg2 dxc4 5. Qa4+ c6 6. Qxc4 b5 7. Qc2 Bb7 8.
Nc3 a6 9. a4 b4 10. Ne4 Nbd7 11. Nxf6+ Qxf6 12. O-O c5 13. d3 Qd8 14. Nd2 Bxg2
15. Kxg2 Be7 16. Nc4 O-O 17. Be3 Bf6 18. Rac1 Rc8 19. Qb3 Nb8 20. f3 Bd4 21.
Bf4 Nc6 22. Rfd1 Bf6 23. Be3 Bd4 24. Bd2 Bf6 25. e3 Qc7 26. Be1 Rfd8 27. Qc2
Ne5 28. Qe2 Nc6 29. g4 Rd7 30. h4 g6 31. Bg3 Qd8 32. g5 Bg7 33. Rd2 Na5 34. Qd1
Nc6 35. Kf2 Rd5 36. Ke2 Ne7 37. a5 Nf5 38. Bf2 Rc6 39. Qa4 Qc7 40. f4 h5 41.
gxh6 Bxh6 42. Rg1 Bg7 43. h5 Ne7 44. hxg6 Nxg6 45. Kd1 Rh5 46. Be1 Qb7 47. Kc1
Rh3 48. b3 Kf8 49. Rdg2 Ke7 50. Qa2 Rc8 51. Qc2 Bf6 52. Kb1 Qb5 53. Bg3 Rd8 54.
Qe2 Qd7 55. Kc2 Nh4 56. Bxh4 Rxh4 57. Rf1 Rdh8 58. Qd2 Bc3 59. Qf2 Rh1 60. f5
Rxf1 61. Qxf1 exf5 62. Rf2 Rh5 63. Qg2 Bf6 64. Nb6 Qe6 65. Qb7+ Kf8 66. Rg2 Rg5
67. Rxg5 Bxg5 68. Qxa6 Qxe3 69. Qa8+ Kg7 70. d4 Qc3+ 0-1

[Event "I Festival Barclays A"]
[Site "Roma ITA"]
[Date "2011.09.05"]
[Round "2"]
[White "Khenkin, Igor"]
[Black "Collins, Sam E."]
[Result "1-0"]
[WhiteElo "2624"]
[BlackElo "2436"]
[PlyCount "147"]
[EventDate "2011.09.04"]

1. d4 d5 2. c4 e6 3. Nf3 Nf6 4. e3 c5 5. cxd5 exd5 6. Bb5+ Bd7 7. Bxd7+ Nbxd7
8. dxc5 Nxc5 9. O-O Be7 10. Bd2 O-O 11. Bc3 Nfe4 12. Bd4 Ne6 13. Nc3 Nxd4 14.
Nxd4 Nxc3 15. bxc3 Qd7 16. Qb3 a6 17. Rad1 Rfd8 18. Ne2 Rac8 19. Nf4 Rc5 20. e4
Qg4 21. Nxd5 Qxe4 22. Nxe7+ Qxe7 23. Qxb7 Qf8 24. Rxd8 Qxd8 25. Qb4 Rb5 26. Qc4
h6 27. g3 Qf6 28. Re1 Rb2 29. Re2 Rb6 30. Kg2 g6 31. Qd3 Rd6 32. Qc2 Rb6 33. h4
Qc6+ 34. Kh2 a5 35. Qd2 Rb1 36. Re1 Rxe1 37. Qxe1 a4 38. Qe2 a3 39. c4 Qb6 40.
Kg2 Qb2 41. Kf3 Qc3+ 42. Ke4 Kf8 43. f4 Kg8 44. g4 Kg7 45. h5 Qb2 46. Kd3 Qb1+
47. Kc3 Qc1+ 48. Kb3 Qxf4 49. Kxa3 Qd6+ 50. Kb3 gxh5 51. gxh5 f5 52. Qg2+ Kf8
53. Qd5 Qg3+ 54. Ka4 f4 55. Qd6+ Kf7 56. c5 Qf2 57. Qd5+ Ke7 58. c6 Qc2+ 59.
Kb5 Qe2+ 60. Kb6 f3 61. Qd7+ Kf6 62. Qd4+ Qe5 63. Qxe5+ Kxe5 64. c7 f2 65. c8=Q
f1=Q 66. Qc5+ Ke6 67. a4 Qb1+ 68. Kc7 Qh7+ 69. Kb8 Qb1+ 70. Kc8 Qe4 71. a5 Qa8+
72. Kc7 Kf7 73. Qf5+ Kg7 74. Qd7+ 1-0

[Event "I Festival Barclays A"]
[Site "Roma ITA"]
[Date "2011.09.05"]
[Round "2"]
[White "Ronchetti, Niccolo'"]
[Black "Jones, Gawain C.B."]
[Result "1-0"]
[WhiteElo "2440"]
[BlackElo "2624"]
[PlyCount "175"]
[EventDate "2011.09.04"]

1. e4 e5 2. Nf3 Nc6 3. Bb5 a6 4. Ba4 Nf6 5. O-O Be7 6. Re1 b5 7. Bb3 d6 8. c3
O-O 9. d4 Bg4 10. Be3 exd4 11. cxd4 d5 12. e5 Ne4 13. Nc3 Nxc3 14. bxc3 Qd7 15.
h3 Bh5 16. Bf4 Nd8 17. g4 Bg6 18. Bg3 a5 19. a4 b4 20. c4 Be4 21. Nd2 dxc4 22.
Nxe4 cxb3 23. d5 Nb7 24. Qxb3 Nc5 25. Nxc5 Bxc5 26. Rac1 Bb6 27. e6 fxe6 28.
dxe6 Qe7 29. Rcd1 Kh8 30. Rd7 Qc5 31. Qb2 Qc3 32. Qxc3 bxc3 33. Re2 Rfd8 34.
Bxc7 Bxc7 35. e7 Re8 36. Rxc7 Kg8 37. Rxc3 Ra7 38. Rce3 Kf7 39. Rf3+ Kg8 40.
Rfe3 Kf7 41. Kg2 h6 42. f4 Rc7 43. Kf3 g6 44. Re4 Rc1 45. Re1 Rc3+ 46. R1e3 Rc1
47. Re5 Rc4 48. R3e4 Rc3+ 49. Kg2 Rc2+ 50. Kg3 Rc3+ 51. Kh4 Ra3 52. Re6 Rf3 53.
g5 hxg5+ 54. fxg5 Rf1 55. Kg4 Rg1+ 56. Kf4 Rh1 57. Ke5 Rxe7 58. Rxe7+ Kxe7 59.
h4 Rb1 60. Rc4 Re1+ 61. Kd5 Rb1 62. Rc7+ Kf8 63. Rc4 Kf7 64. Rc7+ Kf8 65. Ra7
Rb4 66. Rxa5 Rxh4 67. Ke5 Rc4 68. Ke6 Rf4 69. Kd6 Rg4 70. Ke6 Rf4 71. Ra8+ Kg7
72. Ra7+ Kg8 73. a5 Rc4 74. Rd7 Ra4 75. Rd5 Kg7 76. Re5 Rd4 77. Ke7 Rd1 78. Ke6
Rd2 79. Rd5 Rc2 80. a6 Re2+ 81. Kd7 Ra2 82. Rd6 Ra5 83. Kc7 Rxg5 84. a7 Ra5 85.
Kb7 Rxa7+ 86. Kxa7 Kh6 87. Kb6 Kh5 88. Kc5 1-0

[Event "I Festival Barclays A"]
[Site "Roma ITA"]
[Date "2011.09.05"]
[Round "2"]
[White "Tomescu, Vlad"]
[Black "Kulaots, Kaido"]
[Result "0-1"]
[WhiteElo "2422"]
[BlackElo "2592"]
[PlyCount "74"]
[EventDate "2011.09.04"]

1. d4 Nf6 2. c4 g6 3. Nc3 d5 4. Nf3 Bg7 5. Bg5 Ne4 6. cxd5 Nxg5 7. Nxg5 e6 8.
Nf3 exd5 9. e3 O-O 10. b4 Qd6 11. Rb1 c6 12. a4 a5 13. b5 c5 14. Be2 Nd7 15.
O-O Nb6 16. h3 Bd7 17. Bd3 Rfc8 18. Ne2 cxd4 19. Nfxd4 Rc7 20. Ra1 Be5 21. Ra2
Qf6 22. Rc2 Bd6 23. Rxc7 Bxc7 24. Qb3 Qd6 25. Nf3 Qb4 26. Bc2 Bd6 27. Qa2 Rc8
28. Bb3 Bf5 29. Rd1 Bb8 30. Bxd5 Rc2 31. Bxf7+ Kg7 32. Qa1+ Qb2 33. g4 Qxa1 34.
Rxa1 Rxe2 35. gxf5 Kxf7 36. fxg6+ hxg6 37. Nd4 Rb2 0-1

[Event "I Festival Barclays A"]
[Site "Roma ITA"]
[Date "2011.09.06"]
[Round "3"]
[White "Tania, Sachdev"]
[Black "Fier Takeda, Alexander Hilario"]
[Result "0-1"]
[WhiteElo "2419"]
[BlackElo "2583"]
[PlyCount "72"]
[EventDate "2011.09.04"]

1. d4 Nf6 2. c4 g6 3. Nc3 Bg7 4. e4 O-O 5. f3 d6 6. Nge2 Nc6 7. Be3 a6 8. Qd2
Rb8 9. Rc1 Bd7 10. Nd1 Re8 11. g3 e6 12. Bg2 b5 13. c5 dxc5 14. Rxc5 Bf8 15.
Rc1 e5 16. d5 Bb4 17. Nec3 Nd4 18. Nf2 c5 19. dxc6 Bxc6 20. Nd3 Ba5 21. Nxe5
Nxf3+ 22. Nxf3 Nxe4 23. Qxd8 Rbxd8 24. Ke2 Nf6 25. Rhd1 Rc8 26. Bh3 b4 27. Bxc8
bxc3 28. bxc3 Rxc8 29. c4 Re8 30. h3 Ne4 31. Nd4 Nxg3+ 32. Kf2 Ne4+ 33. Kg1 Ba4
34. Nb3 Nc3 35. Re1 Nxa2 36. Nxa5 Nxc1 0-1

[Event "I Festival Barclays A"]
[Site "Roma ITA"]
[Date "2011.09.06"]
[Round "3"]
[White "Smith, Bryan G."]
[Black "David, Alberto"]
[Result "0-1"]
[WhiteElo "2497"]
[BlackElo "2588"]
[PlyCount "80"]
[EventDate "2011.09.04"]

1. e4 c5 2. Nf3 e6 3. d4 cxd4 4. Nxd4 a6 5. Bd3 Nf6 6. Qe2 e5 7. Nb3 d6 8. O-O
Be7 9. c4 O-O 10. Nc3 Nc6 11. Be3 Nb4 12. Bb1 Ng4 13. Bd2 a5 14. Nb5 Nc6 15. h3
Nf6 16. Be3 Be6 17. Rd1 Qb8 18. Bc2 Nb4 19. Bb1 Rc8 20. Nd2 a4 21. Bg5 h6 22.
Bh4 Ra6 23. Bd3 Nh5 24. Qxh5 Bxh4 25. Qxh4 Nxd3 26. b3 Nf4 27. Nf1 d5 28. exd5
g5 29. Qxh6 Bxd5 30. Qxg5+ Rg6 31. Qxg6+ fxg6 32. cxd5 axb3 33. d6 b2 34. Rab1
Rc1 35. Ng3 Qe8 36. Rbxc1 bxc1=Q 37. Rxc1 Qxb5 38. Rc8+ Kg7 39. Rc7+ Kh6 40. d7
Qd5 0-1

[Event "I Festival Barclays A"]
[Site "Roma ITA"]
[Date "2011.09.07"]
[Round "4"]
[White "Bosiocic, Marin"]
[Black "Chytilek, Roman"]
[Result "1/2-1/2"]
[WhiteElo "2593"]
[BlackElo "2393"]
[PlyCount "149"]
[EventDate "2011.09.04"]

1. e4 c6 2. d4 d5 3. f3 Qb6 4. a4 e6 5. c3 c5 6. a5 Qd8 7. Bb5+ Bd7 8. Bxd7+
Nxd7 9. exd5 exd5 10. Ne2 Ngf6 11. O-O Be7 12. Be3 O-O 13. Nd2 Re8 14. Bf2 Bd6
15. Ng3 Qc7 16. dxc5 Bxc5 17. Nb3 Bxf2+ 18. Rxf2 Ne5 19. Nd4 a6 20. Qd2 Ng6 21.
Ngf5 Qf4 22. Qc2 Ne7 23. g3 Qc7 24. Qd2 Nxf5 25. Nxf5 Re6 26. Qg5 g6 27. Nd4
Rd6 28. Re2 Re8 29. Rxe8+ Nxe8 30. Re1 Ng7 31. f4 Qxa5 32. f5 Qb6 33. Re3 h6
34. Qxh6 gxf5 35. Qf4 Ne6 36. Qh4 Qd8 37. Qxd8+ Rxd8 38. Nxe6 Re8 39. Rf3 fxe6
40. Kf2 Kg7 41. Ke3 Rc8 42. Rf4 Rc6 43. g4 fxg4 44. Rxg4+ Kf6 45. Rh4 Rb6 46.
b4 Rc6 47. Kd3 b6 48. Rh7 a5 49. bxa5 bxa5 50. Ra7 Rc5 51. Ra6 Ke5 52. Ra7 Rc4
53. Rxa5 Rh4 54. Ra1 Rh3+ 55. Kc2 Rxh2+ 56. Kd3 Rh3+ 57. Kd2 Kf4 58. Ra4+ Kf3
59. Rd4 Rh2+ 60. Kd3 e5 61. Rxd5 e4+ 62. Kc4 e3 63. Rf5+ Ke4 64. Rf8 Rh5 65.
Re8+ Kf3 66. Kd4 e2 67. c4 Rh1 68. Rxe2 Kxe2 69. c5 Rd1+ 70. Ke5 Kd3 71. c6 Rh1
72. c7 Rh8 73. Kd5 Rc8 74. Kc6 Rxc7+ 75. Kxc7 1/2-1/2

[Event "I Festival Barclays A"]
[Site "Roma ITA"]
[Date "2011.09.07"]
[Round "4"]
[White "Fier Takeda, Alexander Hilario"]
[Black "Kulaots, Kaido"]
[Result "1/2-1/2"]
[WhiteElo "2583"]
[BlackElo "2592"]
[PlyCount "138"]
[EventDate "2011.09.04"]

1. d4 Nf6 2. c4 e6 3. Nf3 d5 4. Nc3 dxc4 5. e4 Bb4 6. Bg5 c5 7. Bxc4 cxd4 8.
Nxd4 Qa5 9. Bd2 Qc5 10. Bb5+ Bd7 11. Nb3 Qe7 12. Bd3 Nc6 13. O-O O-O 14. a3 Bd6
15. f4 e5 16. Nd5 Nxd5 17. fxe5 Bxe5 18. exd5 Nd4 19. Nxd4 Bxd4+ 20. Kh1 a5 21.
Qb3 Be5 22. Rae1 Qd6 23. h3 Rfc8 24. Bb1 g6 25. Qf3 f5 26. b4 a4 27. Bd3 Re8
28. Be3 Qf6 29. Qf2 Rac8 30. Bc5 Bd6 31. Bxd6 Qxd6 32. Qd4 Rxe1 33. Rxe1 Re8
34. Rxe8+ Bxe8 35. Bc4 Bf7 36. Kg1 b6 37. Bb5 Qxd5 38. Qxb6 Qb3 39. Qd8+ Kg7
40. Qd4+ Kg8 41. Qd3 Bd5 42. Kh2 Kf7 43. Qd4 Ke6 44. Qb6+ Ke5 45. Qc7+ Kd4 46.
Qc5+ Ke4 47. Be2 Kf4 48. Qc1+ Ke5 49. b5 Kd6 50. Qc8 Qb2 51. Qb8+ Ke6 52. b6
Ke7 53. Qc7+ Ke6 54. Qc8+ Ke7 55. Qc5+ Ke6 56. Bf1 Qe5+ 57. Kg1 Qb2 58. h4 h6
59. Qe3+ Kd7 60. Kh2 g5 61. hxg5 hxg5 62. Qxg5 Qe5+ 63. Qg3 f4 64. Qd3 f3+ 65.
Kg1 fxg2 66. Bxg2 Qa1+ 67. Bf1 Qg7+ 68. Kf2 Qf6+ 69. Ke3 Qxb6+ 1/2-1/2

[Event "I Festival Barclays A"]
[Site "Roma ITA"]
[Date "2011.09.07"]
[Round "4"]
[White "Gonda, Laszlo"]
[Black "Solodovnichenko, Yuri"]
[Result "1/2-1/2"]
[WhiteElo "2520"]
[BlackElo "2622"]
[PlyCount "44"]
[EventDate "2011.09.04"]

1. c4 e5 2. Nc3 d6 3. g3 f5 4. d4 Be7 5. Bg2 Nf6 6. e3 O-O 7. Nge2 c6 8. b4 Kh8
9. Bb2 Be6 10. d5 cxd5 11. Nxd5 Nxd5 12. Bxd5 Bxd5 13. Qxd5 Nd7 14. O-O Nb6 15.
Qxb7 Nxc4 16. Bc3 Bf6 17. Rfd1 Qb6 18. Qxb6 axb6 19. a4 Rf7 20. a5 Rfa7 21.
Rac1 bxa5 22. bxa5 Kg8 1/2-1/2

[Event "I Festival Barclays A"]
[Site "Roma ITA"]
[Date "2011.09.07"]
[Round "4"]
[White "Ortega, Lexy"]
[Black "Kravtsiv, Martyn"]
[Result "0-1"]
[WhiteElo "2475"]
[BlackElo "2583"]
[PlyCount "50"]
[EventDate "2011.09.04"]

1. d4 Nf6 2. Nf3 e6 3. c4 d5 4. Bg5 h6 5. Bh4 Be7 6. e3 O-O 7. Bd3 b6 8. Nbd2
Bb7 9. Bxf6 Bxf6 10. cxd5 exd5 11. h4 c5 12. g4 cxd4 13. exd4 Nc6 14. g5 Re8+
15. Kf1 hxg5 16. hxg5 Bxg5 17. Rc1 Re6 18. Rh5 Bf4 19. Bh7+ Kf8 20. Bd3 Rh6 21.
Rxh6 Bxh6 22. Bb5 Qf6 23. Bxc6 Bxc6 24. Ne5 Bb5+ 25. Ke1 Re8 0-1

[Event "I Festival Barclays A"]
[Site "Roma ITA"]
[Date "2011.09.07"]
[Round "4"]
[White "Ronchetti, Niccolo'"]
[Black "Berczes, David"]
[Result "0-1"]
[WhiteElo "2440"]
[BlackElo "2557"]
[PlyCount "66"]
[EventDate "2011.09.04"]

1. e4 e5 2. Nf3 Nc6 3. Bb5 a6 4. Ba4 Nge7 5. O-O g6 6. d4 exd4 7. Bg5 Bg7 8. c3
dxc3 9. Nxc3 h6 10. Bh4 O-O 11. Nd5 g5 12. Nxg5 Nxd5 13. Qxd5 hxg5 14. Bxg5 Qe8
15. f4 Qe6 16. Qd3 Re8 17. e5 d6 18. Rae1 Qg6 19. Qd2 Bf5 20. Rf3 dxe5 21. fxe5
Rxe5 22. Rxe5 Nxe5 23. Rg3 Qd6 24. Qf4 Bg6 25. Bb3 c5 26. h4 c4 27. Ba4 Qc5+
28. Kh1 Nd3 29. Qf3 Nf2+ 30. Kh2 Ne4 31. Be3 Qh5 32. Rg4 f5 33. Rxg6 Qxg6 0-1

[Event "I Festival Barclays A"]
[Site "Roma ITA"]
[Date "2011.09.07"]
[Round "5"]
[White "Arutinian, David"]
[Black "Collins, Sam E."]
[Result "1-0"]
[WhiteElo "2577"]
[BlackElo "2436"]
[PlyCount "151"]
[EventDate "2011.09.04"]

1. d4 d5 2. c4 e6 3. Nf3 Nf6 4. Nc3 Be7 5. Bg5 h6 6. Bh4 O-O 7. e3 b6 8. Be2
Bb7 9. Bxf6 Bxf6 10. cxd5 exd5 11. b4 c6 12. Qb3 a5 13. b5 c5 14. Rd1 cxd4 15.
Nxd4 Nd7 16. Bf3 Nc5 17. Qa3 Ne4 18. O-O Nxc3 19. Qxc3 Rc8 20. Qb3 Rc4 21. Nc6
Bxc6 22. bxc6 Rxc6 23. Bxd5 Rd6 24. e4 Qc7 25. f4 Be7 26. Rc1 Qb8 27. Kh1 Rdd8
28. Rc6 Rd6 29. Rc3 Rdd8 30. Rg3 Qd6 31. Rd3 Qb4 32. Qd1 Rc8 33. Rb3 Qc5 34.
Rg3 Bh4 35. Rd3 Qc2 36. Qf3 Qb2 37. Rb3 Qd4 38. Rd3 Qb2 39. Qg4 Rc1 40. Rdd1
Rxd1 41. Rxd1 Qc2 42. Qf3 Be7 43. Bb3 Qb2 44. e5 Bc5 45. Qe4 Qf2 46. Bc4 Qe3
47. Qf5 Qf2 48. h3 Qg3 49. Rf1 Qc3 50. Bd5 Qd4 51. Bb3 Qc3 52. Rd1 Qg3 53. Bc2
Qg6 54. Qxg6 fxg6 55. g3 g5 56. f5 Re8 57. Rd5 Kf7 58. Ba4 Re7 59. Kg2 Bb4 60.
Kf3 Rc7 61. Rd8 Bc3 62. Bb3+ Ke7 63. Rd6 Rc5 64. Re6+ Kd7 65. Ke4 b5 66. Bd5
Rc7 67. Rd6+ Ke7 68. Bc6 Kf7 69. Bd5+ Ke7 70. Rb6 b4 71. Rb8 a4 72. Rg8 b3 73.
axb3 a3 74. Rxg7+ Kd8 75. Rg8+ Kd7 76. Ra8 1-0

[Event "I Festival Barclays A"]
[Site "Roma ITA"]
[Date "2011.09.07"]
[Round "5"]
[White "Berczes, David"]
[Black "Jankovic, Alojzije"]
[Result "1/2-1/2"]
[WhiteElo "2557"]
[BlackElo "2584"]
[PlyCount "98"]
[EventDate "2011.09.04"]

1. d4 Nf6 2. c4 g6 3. Nc3 Bg7 4. e4 d6 5. Be2 O-O 6. Bg5 c6 7. Qd2 d5 8. Bxf6
Bxf6 9. cxd5 cxd5 10. exd5 e6 11. dxe6 Bxe6 12. Rd1 Bf5 13. Nf3 Nc6 14. O-O Qa5
15. Qf4 Bg7 16. d5 Qb4 17. Qxb4 Nxb4 18. Nd4 Bd7 19. a3 Na6 20. Bb5 Rfd8 21.
Bxd7 Rxd7 22. Ndb5 Nc7 23. Nxc7 Rxc7 24. d6 Rd7 25. Ne4 Rad8 26. b4 f5 27. Nc5
Rxd6 28. Rxd6 Rxd6 29. Nxb7 Rd3 30. a4 Rb3 31. b5 Rb4 32. g3 Rxa4 33. Rd1 Ra1
34. Rxa1 Bxa1 35. Kf1 Bd4 36. Ke2 Kf7 37. Nd8+ Kf6 38. Nc6 Bb6 39. f3 Ke6 40.
Kd3 Kd5 41. g4 fxg4 42. fxg4 a5 43. Kc3 g5 44. h3 Ke4 45. Nb8 Kf3 46. Nd7 Be3
47. b6 Kg3 48. b7 Bf4 49. Nf6 Kxh3 1/2-1/2

[Event "I Festival Barclays A"]
[Site "Roma ITA"]
[Date "2011.09.07"]
[Round "5"]
[White "Durarbeyli, Vasif"]
[Black "Vuelban, Virgilio"]
[Result "1-0"]
[WhiteElo "2526"]
[BlackElo "2353"]
[PlyCount "131"]
[EventDate "2011.09.04"]

1. e4 c5 2. Nf3 Nc6 3. d4 cxd4 4. Nxd4 Qb6 5. Nb3 Nf6 6. Nc3 e6 7. g3 Bb4 8.
Bg2 Qa6 9. Bd2 O-O 10. a3 Be7 11. Qe2 Qxe2+ 12. Nxe2 Rd8 13. O-O-O d6 14. h3 a6
15. Na5 Nd7 16. Nc4 b5 17. Na5 Ndb8 18. c4 Ne5 19. cxb5 axb5 20. Kb1 Nbc6 21.
Nxc6 Nxc6 22. Rc1 Bd7 23. Rhd1 Rdb8 24. Be1 b4 25. axb4 Nxb4 26. Rc7 Ba4 27.
Rd4 Bd8 28. Rcc4 e5 29. Rxd6 Be7 30. Bxb4 Bb3 31. Rc7 Rxb4 32. Rdc6 Ba2+ 33.
Kc1 Bd8 34. Rc8 Rbb8 35. Rxb8 Rxb8 36. Nc3 Bb3 37. Nd5 Bg5+ 38. Kb1 Bd8 39. Bf1
Kf8 40. Bc4 Ba4 41. Ra6 Bd7 42. h4 Rc8 43. b3 Bc6 44. Kb2 Bb7 45. Ra7 Rb8 46.
Kc3 Bxd5 47. Bxd5 Be7 48. h5 h6 49. Rc7 f6 50. Kd3 Rd8 51. Ke3 f5 52. Kf3 Bf6
53. Rf7+ Ke8 54. Rb7 Rd6 55. b4 Kd8 56. b5 Rd7 57. Rb6 Kc7 58. Rc6+ Kb8 59. b6
Bg5 60. Re6 Re7 61. exf5 Rxe6 62. fxe6 Kc8 63. Ke4 Bf6 64. Kf5 Kd8 65. b7 Kc7
66. Ke4 1-0

[Event "I Festival Barclays A"]
[Site "Roma ITA"]
[Date "2011.09.07"]
[Round "5"]
[White "Jones, Gawain C.B."]
[Black "Tomescu, Vlad"]
[WhiteElo "2624"]
[BlackElo "2422"]
[Result "1-0"]
[PlyCount "79"]
[EventDate "2011.09.04"]

1. e4 c5 2. Nc3 Nc6 3. f4 g6 4. Nf3 Bg7 5. Bb5 Nd4 6. O-O Nxb5 7. Nxb5 d6 8. d3
a6 9. Nc3 e6 10. Qe1 Ne7 11. Be3 b6 12. d4 O-O 13. Rd1 Qc7 14. e5 dxe5 15. dxc5
exf4 16. cxb6 Qb8 17. Bc5 Nf5 18. Nh4 Ne3 19. Bxe3 fxe3 20. Qxe3 Bb7 21. Rd7 a5
22. Nf3 Ra6 23. Ng5 Bc6 24. Rdxf7 Rxf7 25. Rxf7 Qxb6 26. Qxb6 Rxb6 27. Rc7 Bxc3
28. bxc3 Ba4 29. Nxh7 Rb2 30. Nf6+ Kf8 31. a3 Rxc2 32. h4 Bb3 33. g4 Bd5 34. h5
gxh5 35. gxh5 Rg2+ 36. Kf1 Rh2 37. c4 Bf3 38. c5 Bxh5 39. Kg1 Rh3 40. Kg2 1-0

[Event "I Festival Barclays A"]
[Site "Roma ITA"]
[Date "2011.09.07"]
[Round "5"]
[White "Kravtsiv, Martyn"]
[Black "Fier Takeda, Alexander Hilario"]
[Result "1/2-1/2"]
[WhiteElo "2583"]
[BlackElo "2583"]
[PlyCount "29"]
[EventDate "2011.09.04"]

1. e4 c5 2. Nf3 d6 3. d4 cxd4 4. Nxd4 Nf6 5. Nc3 e6 6. Bc4 Be7 7. O-O O-O 8.
Be3 Nc6 9. Kh1 Nxd4 10. Bxd4 Bd7 11. Qe2 Qa5 12. f4 Bc6 13. f5 e5 14. Bf2 b5
15. Bxb5 1/2-1/2

[Event "I Festival Barclays A"]
[Site "Roma ITA"]
[Date "2011.09.07"]
[Round "5"]
[White "Kulaots, Kaido"]
[Black "David, Alberto"]
[Result "1/2-1/2"]
[WhiteElo "2592"]
[BlackElo "2588"]
[PlyCount "22"]
[EventDate "2011.09.04"]

1. d4 Nf6 2. c4 e6 3. Nc3 Bb4 4. Qc2 O-O 5. a3 Bxc3+ 6. Qxc3 Ne4 7. Qc2 f5 8.
Nh3 d6 9. f3 Nf6 10. Bg5 e5 11. e3 h6 1/2-1/2

[Event "I Festival Barclays A"]
[Site "Roma ITA"]
[Date "2011.09.08"]
[Round "6"]
[White "Bosiocic, Marin"]
[Black "Durarbeyli, Vasif"]
[Result "1/2-1/2"]
[WhiteElo "2593"]
[BlackElo "2526"]
[PlyCount "27"]
[EventDate "2011.09.04"]

1. d4 Nf6 2. c4 e6 3. Nc3 Bb4 4. Qc2 d5 5. cxd5 exd5 6. Bg5 h6 7. Bh4 c5 8.
dxc5 g5 9. Bg3 Ne4 10. e3 Qa5 11. Nge2 Bf5 12. Be5 O-O 13. Nd4 Nxc3 14. Qxf5
1/2-1/2

[Event "I Festival Barclays A"]
[Site "Roma ITA"]
[Date "2011.09.08"]
[Round "6"]
[White "Fier Takeda, Alexander Hilario"]
[Black "Berczes, David"]
[Result "0-1"]
[WhiteElo "2583"]
[BlackElo "2557"]
[PlyCount "66"]
[EventDate "2011.09.04"]

1. d4 Nf6 2. c4 e6 3. Nf3 c5 4. d5 b5 5. dxe6 fxe6 6. cxb5 d5 7. Nbd2 Qa5 8. e3
a6 9. bxa6 Bxa6 10. Bxa6 Qxa6 11. Qe2 Nc6 12. Qxa6 Rxa6 13. Ke2 e5 14. Rd1 e4
15. Ne1 Bd6 16. h3 O-O 17. g4 Nb4 18. a3 c4 19. Kf1 h5 20. g5 Nh7 21. Rb1 Nd3
22. Nxd3 cxd3 23. f4 exf3 24. e4 Nxg5 25. exd5 f2 26. Kg2 Bc5 27. h4 Rg6 28.
hxg5 Rxg5+ 29. Kh3 Rg1 30. Rf1 Rf3+ 31. Nxf3 Rxf1 32. Nd2 Rg1 33. b4 Be3 0-1

[Event "I Festival Barclays A"]
[Site "Roma ITA"]
[Date "2011.09.08"]
[Round "6"]
[White "Gonda, Laszlo"]
[Black "Jones, Gawain C.B."]
[Result "1/2-1/2"]
[WhiteElo "2520"]
[BlackElo "2624"]
[PlyCount "39"]
[EventDate "2011.09.04"]

1. Nf3 Nf6 2. c4 b6 3. d4 Bb7 4. g3 g6 5. Nc3 Ne4 6. Nxe4 Bxe4 7. Bh3 d5 8. O-O
dxc4 9. Qa4+ c6 10. Qxc4 Bg7 11. Rd1 Qd5 12. Qxd5 Bxd5 13. Ne5 e6 14. Bg2 Bxg2
15. Kxg2 c5 16. Be3 O-O 17. f4 cxd4 18. Bxd4 f6 19. Nf3 Nc6 20. Bc3 1/2-1/2